SpongeBob Characters - Statistics

General Stats
  • This quiz has been taken 72 times
  • The average score is 10 of 12
Answer Stats
Hint Answer % Correct
SpongeBob SquarePants (character) - Wikipedia Spongebob
100%
Patrick Star (seasons 6-9a) - Loathsome Characters Wiki Patrick
98%
Squidward Png, Transparent Png - vhv Squidward
96%
Sandy Cheeks - Wikipedia Sandy
92%
Mr. Krabs - Wikipedia Mr.Krabs
90%
How to Draw Gary the Snail - HelloArtsy Gary
78%
How to Draw Pearl Krabs - HelloArtsy Pearl
78%
Plankton - SpongeBob SquarePants Wiki - Neoseeker Plankton
76%
Larry the Lobster Flexing Sticker Magnet Larry
74%
Mrs Puff Spongebob Wallpapers Mrs.Puff
70%
Karen Plankton (seasons 6 and 7) - Loathsome Characters Wiki Karen
66%
[ORIGINAL] Spongebob- Doodlebob Doodlebob
56%
No matching quizzes found
Score Distribution
Percent of People with Each Score
Percentile by Number Answered
Your Score History
You have not taken this quiz